[Event "FIDE World Senior Team Championship 2020"]
[Site "Olympik hotel, Sokolovska 138,"]
[Date "2020.03.07"]
[Round "2.20"]
[White "Ruotanen, Helge"]
[Black "Mlynek, Petr"]
[Result "0-1"]
[WhiteElo "1927"]
[BlackElo "2053"]
[PlyCount "102"]
[EventDate "2020.03.06"]
[WhiteTeam "FIN1"]
[BlackTeam "CZE3"]

1. g3 e5 2. Bg2 f5 3. d4 e4 4. c4 Nf6 5. Nc3 c6 6. d5 Bc5 7. h4 Ng4 8. Nh3 d6
9. O-O Nd7 10. Na4 cxd5 11. Nf4 Nb6 12. Nxc5 dxc5 13. cxd5 O-O 14. f3 Nf6 15.
Be3 Nbxd5 16. Bxc5 Nxf4 17. Bxf8 Qb6+ 18. Kh2 Nxg2 19. Kxg2 Kxf8 20. fxe4 Ng4
21. Rf3 Ne3+ 22. Rxe3 Qxe3 23. Qd8+ Kf7 24. Qd5+ Ke7 25. Qe5+ Be6 26. Qxg7+ Kd6
27. Kf1 fxe4 28. Rd1+ Kc6 29. Qe7 Bh3+ 30. Ke1 Qxg3+ 31. Kd2 Qd6+ 32. Qxd6+
Kxd6 33. Ke3+ Ke5 34. Rd4 Bf5 35. Rb4 b6 36. Rb5+ Kf6 37. Kf4 Be6 38. Rh5 Kg6
39. Rg5+ Kh6 40. a3 Re8 41. e3 Bc4 42. Rf5 Re7 43. Kg3 Rf7 44. Re5 Rf3+ 45. Kg4
Rxe3 46. Rh5+ Kg6 47. Rg5+ Kf6 48. Kf4 Rh3 49. Rf5+ Ke7 50. Rh5 e3 51. Ke4 e2
0-1

[Event "FIDE World Senior Team Championship 2020"]
[Site "Olympik hotel, Sokolovska 138,"]
[Date "2020.03.07"]
[Round "2.20"]
[White "Fencl, Vaclav"]
[Black "Rintakoski, Pentti"]
[Result "0-1"]
[WhiteElo "1857"]
[BlackElo "1735"]
[PlyCount "67"]
[EventDate "2020.03.06"]
[WhiteTeam "CZE3"]
[BlackTeam "FIN1"]

1. d4 e6 2. Nf3 Nf6 3. e3 b6 4. Bd3 Bb7 5. Nbd2 Be7 6. O-O d6 7. b3 Nbd7 8. Bb2
h6 9. c4 c5 10. Rc1 Qc7 11. Re1 a6 12. e4 cxd4 13. Bxd4 e5 14. Bb2 Nc5 15. Bb1
O-O 16. b4 Ne6 17. Nb3 Rad8 18. Qc2 Nf4 19. Rcd1 Rc8 20. Rc1 Qd7 21. Qd1 Qg4
22. g3 Bxe4 23. Bxe4 Nxe4 24. Rf1 Nh3+ 25. Kg2 Nhxf2 26. Rxf2 Nxf2 27. Kxf2
Rxc4 28. a3 Rfc8 29. Rxc4 Qxc4 30. Bc1 a5 31. Bd2 a4 32. Nc1 b5 33. Qe2 Qc6 34.
Be3 0-1

[Event "FIDE World Senior Team Championship 2020"]
[Site "Olympik hotel, Sokolovska 138,"]
[Date "2020.03.07"]
[Round "2.21"]
[White "Jones, Iolo C"]
[Black "Niebuhr, Gerd"]
[Result "1/2-1/2"]
[WhiteElo "2146"]
[BlackElo "1927"]
[PlyCount "88"]
[EventDate "2020.03.06"]
[WhiteTeam "WLS"]
[BlackTeam "GER11"]

1. d4 Nf6 2. Nf3 e6 3. c4 Bb4+ 4. Nbd2 d5 5. e3 O-O 6. Bd3 dxc4 7. Bxc4 Nbd7 8.
O-O Bd6 9. e4 e5 10. d5 Nb6 11. Bb3 Qe7 12. Re1 Bg4 13. h3 Bh5 14. Nf1 Nbd7 15.
g4 Bg6 16. Ng3 Nc5 17. Bc2 a5 18. Bg5 h6 19. Bc1 Rad8 20. Nh4 Qd7 21. Ngf5 Bxf5
22. Nxf5 c6 23. dxc6 Qxc6 24. Qe2 Rfe8 25. Be3 Bf8 26. Rac1 g6 27. Ng3 Kg7 28.
Red1 Be7 29. Bd3 Qc7 30. Bb5 Rxd1+ 31. Qxd1 Rc8 32. Rc3 Qd6 33. Qc2 Rc7 34. Nf1
Ne6 35. Rxc7 Nxc7 36. Bd3 Ne6 37. Nd2 Nf4 38. Bf1 Ne6 39. Nb3 a4 40. Nd2 Nd4
41. Qc3 Qc5 42. Kg2 a3 43. Nb3 Qxc3 44. bxc3 Nxb3 1/2-1/2

[Event "FIDE World Senior Team Championship 2020"]
[Site "Olympik hotel, Sokolovska 138,"]
[Date "2020.03.07"]
[Round "2.21"]
[White "Juergens, Peter"]
[Black "Van Kemenade, Rudy"]
[Result "0-1"]
[WhiteElo "1843"]
[BlackElo "1915"]
[PlyCount "76"]
[EventDate "2020.03.06"]
[WhiteTeam "GER11"]
[BlackTeam "WLS"]

1. d4 Nf6 2. Nf3 g6 3. Bf4 d6 4. e3 Bg7 5. Be2 O-O 6. O-O Nc6 7. h3 Nd7 8. c3
e5 9. Bh2 f5 10. a4 g5 11. Na3 h5 12. dxe5 dxe5 13. Qd5+ Kh7 14. Rad1 Qe7 15.
Qb3 g4 16. hxg4 hxg4 17. Nd2 a6 18. Qc2 Kh8 19. e4 Nc5 20. b4 Nxe4 21. Nxe4
fxe4 22. Qxe4 Bf5 23. Qc4 e4 24. Nc2 Ne5 25. Bxe5 Bxe5 26. g3 Qg5 27. Kg2 Kg7
28. Ne3 Rad8 29. Qc5 Rde8 30. a5 Rf6 31. Nc4 Rc6 32. Qe3 Bf6 33. Rd5 Qg6 34.
Rh1 Be6 35. Ne5 Qg5 36. Qxg5+ Bxg5 37. Rdd1 Rxc3 38. Nxg4 Rc2 0-1

[Event "FIDE World Senior Team Championship 2020"]
[Site "Olympik hotel, Sokolovska 138,"]
[Date "2020.03.07"]
[Round "2.21"]
[White "Bevan, Peter M"]
[Black "Hellwege, Werner"]
[Result "0-1"]
[WhiteElo "1901"]
[BlackElo "1825"]
[PlyCount "110"]
[EventDate "2020.03.06"]
[WhiteTeam "WLS"]
[BlackTeam "GER11"]

1. d4 Nf6 2. Bf4 e6 3. e3 d5 4. Nd2 Bd6 5. Bg3 b6 6. Bb5+ c6 7. Bd3 Ba6 8. Bxa6
Nxa6 9. c3 Qc7 10. Ngf3 O-O 11. Ne5 Nd7 12. Qe2 Nab8 13. Ndf3 f6 14. Nxd7 Nxd7
15. O-O Rae8 16. c4 Bxg3 17. hxg3 e5 18. cxd5 cxd5 19. Qb5 Qd6 20. dxe5 fxe5
21. Rac1 Rc8 22. Qa6 Qb8 23. Rfd1 Nc5 24. Qb5 Rfd8 25. b4 a6 26. Qe2 Ne4 27.
Qb2 Rxc1 28. Rxc1 Rf8 29. Qxe5 Qxe5 30. Nxe5 Nxf2 31. Rf1 Ne4 32. Rxf8+ Kxf8
33. Nd7+ Ke7 34. Nxb6 Kd6 35. Na4 Kc6 36. a3 Kb5 37. Nb2 Nd2 38. Kf2 Nc4 39.
Nd3 Nxa3 40. Nf4 Kc4 41. Ne6 Kxb4 42. Nc7 a5 43. Nxd5+ Kc5 44. e4 Nc4 45. Kf3
a4 46. Nc3 a3 47. Ke2 Kb4 48. Kd3 Kb3 49. Nb5 a2 50. Nd4+ Kb2 51. Nc2 Na3 52.
Na1 Kxa1 53. e5 Kb1 54. e6 a1=Q 55. e7 Qe5 0-1

[Event "FIDE World Senior Team Championship 2020"]
[Site "Olympik hotel, Sokolovska 138,"]
[Date "2020.03.07"]
[Round "2.21"]
[White "Fritsch, Juergen"]
[Black "Harle, Bill"]
[Result "1/2-1/2"]
[WhiteElo "1793"]
[BlackElo "1746"]
[PlyCount "70"]
[EventDate "2020.03.06"]
[WhiteTeam "GER11"]
[BlackTeam "WLS"]

1. d4 d5 2. Bf4 Nf6 3. e3 e6 4. Nf3 Be7 5. Be2 Nbd7 6. Nbd2 O-O 7. O-O c5 8. c3
b6 9. Ne5 Bb7 10. Ndf3 Nxe5 11. Nxe5 Nd7 12. Nxd7 Qxd7 13. a4 a6 14. Bd3 Bf6
15. Qg4 g6 16. h4 Qe7 17. Bh6 Bg7 18. Bxg7 Kxg7 19. h5 Bc8 20. Qg3 Ra7 21. f4
f5 22. Kf2 Qf6 23. Rh1 Rh8 24. h6+ Kf7 25. Qg5 Qxg5 26. fxg5 c4 27. Be2 Bd7 28.
g4 Re8 29. a5 b5 30. Kg3 Bc6 31. Rhe1 Rae7 32. gxf5 exf5 33. Bf3 Rxe3 34. Rxe3
Rxe3 35. Kf4 Re7 1/2-1/2

[Event "FIDE World Senior Team Championship 2020"]
[Site "Olympik hotel, Sokolovska 138,"]
[Date "2020.03.07"]
[Round "2.22"]
[White "James, David J"]
[Black "Lahti, Jouko"]
[Result "1/2-1/2"]
[WhiteElo "2122"]
[BlackElo "1953"]
[PlyCount "30"]
[EventDate "2020.03.06"]
[WhiteTeam "WLS"]
[BlackTeam "FIN2"]

1. d4 d5 2. Nf3 Nf6 3. c4 c6 4. e3 Bf5 5. cxd5 cxd5 6. Qb3 Qb6 7. Qxb6 axb6 8.
Nc3 Nc6 9. Bb5 Bd7 10. O-O e6 11. Bd2 Bd6 12. Ne1 O-O 13. f4 Na5 14. Nd3 Rfc8
15. Bxd7 Nxd7 1/2-1/2

[Event "FIDE World Senior Team Championship 2020"]
[Site "Olympik hotel, Sokolovska 138,"]
[Date "2020.03.07"]
[Round "2.22"]
[White "Ranki, Martti"]
[Black "Powell, Lloyd"]
[Result "1/2-1/2"]
[WhiteElo "1914"]
[BlackElo "2057"]
[PlyCount "35"]
[EventDate "2020.03.06"]
[WhiteTeam "FIN2"]
[BlackTeam "WLS"]

1. d4 Nf6 2. c4 c5 3. Nf3 cxd4 4. Nxd4 e6 5. g3 Nc6 6. Bg2 Bc5 7. Nb3 Be7 8.
O-O O-O 9. Nc3 d6 10. Nd4 Bd7 11. Ndb5 Qb8 12. Bg5 a6 13. Nd4 Qc7 14. Rc1 h6
15. Be3 Ng4 16. Qd2 Nxe3 17. Qxe3 Bf6 18. Nxc6 1/2-1/2

[Event "FIDE World Senior Team Championship 2020"]
[Site "Olympik hotel, Sokolovska 138,"]
[Date "2020.03.07"]
[Round "2.22"]
[White "Miles, Richard"]
[Black "Alkkiomaki, Jyrki"]
[Result "1/2-1/2"]
[WhiteElo "1981"]
[BlackElo "1887"]
[PlyCount "37"]
[EventDate "2020.03.06"]
[WhiteTeam "WLS"]
[BlackTeam "FIN2"]

1. d4 d5 2. c4 e6 3. Nc3 c5 4. cxd5 exd5 5. Nf3 Nf6 6. g3 Nc6 7. Bg2 Be7 8. O-O
O-O 9. Bg5 cxd4 10. Nxd4 h6 11. Be3 Re8 12. Rc1 Bg4 13. h3 Be6 14. Nxe6 fxe6
15. f4 Qd7 16. Bf2 Rad8 17. Qb3 Na5 18. Qb5 Nc4 19. Qxd7 1/2-1/2

[Event "FIDE World Senior Team Championship 2020"]
[Site "Olympik hotel, Sokolovska 138,"]
[Date "2020.03.07"]
[Round "2.22"]
[White "Kauko, Pekka"]
[Black "Taylor, Robert Graham"]
[Result "1-0"]
[WhiteElo "1868"]
[BlackElo "1840"]
[PlyCount "58"]
[EventDate "2020.03.06"]
[WhiteTeam "FIN2"]
[BlackTeam "WLS"]

1. c4 Nf6 2. Nc3 g6 3. Nf3 Bg7 4. d4 O-O 5. e4 d6 6. h3 Nbd7 7. Be3 e5 8. dxe5
dxe5 9. Qc2 c6 10. Rd1 Qe7 11. Be2 Nh5 12. Qc1 Re8 13. O-O Nf8 14. Nh2 Nf6 15.
a3 Ne6 16. Bf3 Nd7 17. Ne2 f5 18. exf5 gxf5 19. Bh6 Nf6 20. Ng3 Nd4 21. Bxg7
Qxg7 22. Rfe1 Nxf3+ 23. Nxf3 f4 24. Nxe5 Nd5 25. cxd5 fxg3 26. f4 cxd5 27. Rxd5
Be6 28. Rd3 h5 29. Qd1 Rf8 1-0

[Event "FIDE World Senior Team Championship 2020"]
[Site "Olympik hotel, Sokolovska 138,"]
[Date "2020.03.07"]
[Round "2.23"]
[White "Koper, Stefan"]
[Black "Lagerborg, Krister"]
[Result "0-1"]
[WhiteElo "1820"]
[BlackElo "2144"]
[PlyCount "144"]
[EventDate "2020.03.06"]
[WhiteTeam "CZE12"]
[BlackTeam "SWE5"]

1. d4 Nf6 2. c4 g6 3. Nc3 Bg7 4. e4 d6 5. Nge2 O-O 6. Ng3 h5 7. Be2 e5 8. d5 c5
9. Bg5 Qb6 10. Rb1 Nbd7 11. O-O Nh7 12. Bd2 h4 13. Nh1 f5 14. Qc1 f4 15. Bg4
Ndf6 16. Bxc8 Raxc8 17. f3 Nh5 18. Nf2 Qd8 19. Ne2 Ng5 20. Nh3 Nxh3+ 21. gxh3
Qd7 22. Kg2 Kf7 23. Ng1 Rh8 24. Rf2 Nf6 25. Be1 Rh5 26. Kh1 Rch8 27. Rg2 Bh6
28. b4 Nxe4 29. Qc2 Ng3+ 30. hxg3 hxg3 31. bxc5 Bf8 32. Bxg3 fxg3 33. Rxg3 R5h6
34. c6 bxc6 35. dxc6 Qxc6 36. Qe4 Qxe4 37. fxe4 Rh4 38. Rb7+ Kf6 39. Rf3+ Ke6
40. Re3 Bh6 41. Re2 Rc8 42. Rb4 a5 43. Ra4 Rc5 44. Kg2 Bf4 45. Nf3 Rh8 46. h4
Rb8 47. Kh3 Rb1 48. Rc2 Rd1 49. Ra3 Kf6 50. Rb3 a4 51. Rb6 Rd3 52. Kg2 Ke6 53.
Rb4 Re3 54. Rxa4 Rxe4 55. Rb4 Kf5 56. Rb6 d5 57. Rb5 Rcxc4 58. Rxc4 dxc4 59. a4
Re2+ 60. Kf1 Ra2 61. a5 Ke4 62. Ng5+ Kd3 63. Rd5+ Ke3 64. Rc5 Ra4 65. a6 e4 66.
Rc6 Kd3 67. Ne6 Ra1+ 68. Kg2 Be3 69. Nc7 c3 70. Nd5 Bd4 71. Nb4+ Ke2 72. Rc7
Rg1+ 0-1

[Event "FIDE World Senior Team Championship 2020"]
[Site "Olympik hotel, Sokolovska 138,"]
[Date "2020.03.07"]
[Round "2.23"]
[White "Svensson, Soren"]
[Black "Konvalinka, Vladislav"]
[Result "1/2-1/2"]
[WhiteElo "1868"]
[BlackElo "1722"]
[PlyCount "40"]
[EventDate "2020.03.06"]
[WhiteTeam "SWE5"]
[BlackTeam "CZE12"]

1. d4 d5 2. c4 c6 3. Nc3 Nf6 4. Nf3 e6 5. e3 Nbd7 6. Bd3 dxc4 7. Bxc4 b5 8. Bd3
Bd6 9. O-O O-O 10. e4 e5 11. Bg5 exd4 12. Nxd4 Ne5 13. Bc2 Bg4 14. f3 Bc5 15.
Nce2 Be6 16. Kh1 Bc4 17. Re1 Bb4 18. Nc3 Bc5 19. Nce2 Bb4 20. Nc3 Bc5 1/2-1/2

[Event "FIDE World Senior Team Championship 2020"]
[Site "Olympik hotel, Sokolovska 138,"]
[Date "2020.03.07"]
[Round "2.23"]
[White "Valtera, Jiri"]
[Black "Olsson, Torgny"]
[Result "1/2-1/2"]
[WhiteElo "1865"]
[BlackElo "1800"]
[PlyCount "52"]
[EventDate "2020.03.06"]
[WhiteTeam "CZE12"]
[BlackTeam "SWE5"]

1. a3 d5 2. d4 Nf6 3. Nf3 g6 4. Bf4 Bg7 5. e3 O-O 6. Be2 b6 7. O-O Nbd7 8. Nbd2
c5 9. h3 Bb7 10. Ne5 cxd4 11. exd4 Nxe5 12. Bxe5 e6 13. c3 Qe7 14. Bd3 Nd7 15.
Bxg7 Kxg7 16. f4 Nf6 17. Qe2 Qd6 18. Rae1 Rae8 19. Qe5 Qxe5 20. Rxe5 Rd8 21.
Re3 Ne8 22. g4 Rd6 23. Kg2 Rh8 24. Rf2 h5 25. g5 Rd8 26. Kg3 Nd6 1/2-1/2

[Event "FIDE World Senior Team Championship 2020"]
[Site "Olympik hotel, Sokolovska 138,"]
[Date "2020.03.07"]
[Round "2.23"]
[White "Andersson, Erik 1955"]
[Black "Lansky, Petr"]
[Result "1-0"]
[WhiteElo "1607"]
[BlackElo "1582"]
[PlyCount "89"]
[EventDate "2020.03.06"]
[WhiteTeam "SWE5"]
[BlackTeam "CZE12"]

1. Nf3 Nf6 2. b3 d5 3. Bb2 Nc6 4. e3 Bf5 5. Bb5 a6 6. Bxc6+ bxc6 7. d4 e6 8.
Nbd2 Bd6 9. O-O h5 10. c4 Bd3 11. Re1 Bb4 12. Ne5 Bxd2 13. Qxd2 Bf5 14. Ba3 Ne4
15. Qc1 f6 16. Nxc6 Qd7 17. Ne7 Nd6 18. Bxd6 Qxd6 19. Nxf5 exf5 20. cxd5 O-O
21. Qc6 Rfd8 22. Rac1 Rac8 23. Rc5 Kf7 24. Rec1 Ke7 25. Qxd6+ Kxd6 26. Rc6+ Kd7
27. Rxa6 Rb8 28. Ra7 Rdc8 29. Ra6 Rb5 30. Rc5 Rb4 31. Rac6 Rb7 32. d6 Ra8 33.
Rxc7+ Rxc7 34. dxc7 Kc8 35. a4 Ra6 36. g3 Rb6 37. Rc3 g5 38. h4 gxh4 39. gxh4
Re6 40. f3 Re7 41. a5 f4 42. e4 Re6 43. d5 Rd6 44. Rc6 Rd7 45. a6 1-0

[Event "FIDE World Senior Team Championship 2020"]
[Site "Olympik hotel, Sokolovska 138,"]
[Date "2020.03.07"]
[Round "2.24"]
[White "Fleuch, Hans-Juergen"]
[Black "Burchardt, Brigitte"]
[Result "0-1"]
[WhiteElo "1948"]
[BlackElo "2075"]
[PlyCount "116"]
[EventDate "2020.03.06"]
[WhiteTeam "GER10"]
[BlackTeam "GERW"]

1. e4 c5 2. c3 d5 3. exd5 Qxd5 4. d4 Nf6 5. Nf3 Bg4 6. Be2 e6 7. Be3 cxd4 8.
Qxd4 Qxd4 9. Nxd4 Bxe2 10. Kxe2 a6 11. h3 Nd5 12. Bd2 Nd7 13. Re1 Rc8 14. Kf1
Be7 15. Nc2 Nc5 16. Ne3 Nf6 17. Bc1 Rc7 18. Rd1 O-O 19. Na3 Nfd7 20. Rb1 Ne5
21. Ke2 Ne4 22. Ng4 Nxg4 23. hxg4 Bxa3 24. f3 Nxc3+ 25. bxc3 Bxc1 26. Rbxc1 h6
27. Rd4 Rfc8 28. Kd3 Kf8 29. f4 Ke7 30. g3 Rc5 31. Rc2 R8c7 32. Re4 Kf6 33. Rd4
R5c6 34. Re4 Kg6 35. Re5 Rd7+ 36. Ke2 Rc4 37. Re3 h5 38. gxh5+ Kxh5 39. Re5+
Kg6 40. Re3 Kf5 41. Re5+ Kf6 42. Re3 Rdc7 43. Kd2 R4c5 44. Rb2 Rh5 45. Kc2 Rh2+
46. Kb3 Rxb2+ 47. Kxb2 g5 48. Re4 gxf4 49. Rxf4+ Kg5 50. Re4 Re7 51. Kc2 f5 52.
Re5 Kg4 53. Re3 e5 54. Kd2 e4 55. Ke2 Rd7 56. c4 Rc7 57. Rc3 Rc5 58. a3 b5 0-1

[Event "FIDE World Senior Team Championship 2020"]
[Site "Olympik hotel, Sokolovska 138,"]
[Date "2020.03.07"]
[Round "2.24"]
[White "Wagner-Michel, Annett"]
[Black "Tichatschke, Wolfgang"]
[Result "1-0"]
[WhiteElo "2025"]
[BlackElo "1974"]
[PlyCount "61"]
[EventDate "2020.03.06"]
[WhiteTeam "GERW"]
[BlackTeam "GER10"]

1. e4 e6 2. d4 d5 3. Nd2 c5 4. Ngf3 Nc6 5. exd5 Qxd5 6. Bc4 Qd8 7. dxc5 Bxc5 8.
O-O Nf6 9. c3 a6 10. Qe2 Qc7 11. Nb3 Be7 12. a4 b6 13. Bg5 O-O 14. Rfe1 Re8 15.
Rad1 Ng4 16. Bxe7 Rxe7 17. Nbd2 Nf6 18. Ne4 Nxe4 19. Qxe4 Re8 20. Ng5 g6 21.
Qh4 h5 22. Ne4 Qe7 23. Nf6+ Kh8 24. Qf4 Kg7 25. Nxe8+ Qxe8 26. Rd6 Ra7 27. Red1
Re7 28. b4 Rd7 29. Rxd7 Bxd7 30. Qc7 Bc8 31. b5 1-0

[Event "FIDE World Senior Team Championship 2020"]
[Site "Olympik hotel, Sokolovska 138,"]
[Date "2020.03.07"]
[Round "2.24"]
[White "Strauss, Peter"]
[Black "Kierzek, Mira"]
[Result "0-1"]
[WhiteElo "1841"]
[BlackElo "1983"]
[PlyCount "114"]
[EventDate "2020.03.06"]
[WhiteTeam "GER10"]
[BlackTeam "GERW"]

1. d4 Nf6 2. Nf3 g6 3. g3 Bg7 4. Bg2 O-O 5. O-O d5 6. c4 c6 7. Nc3 dxc4 8. Ne5
Ng4 9. f4 Nxe5 10. fxe5 Na6 11. Be3 Be6 12. Bf2 Nb4 13. Rc1 Bh6 14. Ra1 Nd5 15.
Nxd5 cxd5 16. a4 b6 17. Ra3 Rc8 18. Rc3 Qd7 19. b3 cxb3 20. Qxb3 Rxc3 21. Qxc3
Rc8 22. Qa3 Rc4 23. Ra1 Qc7 24. Bf3 Rc3 25. Qb4 Rc4 26. Qa3 Kf8 27. Kg2 Qd7 28.
h4 Bf5 29. a5 b5 30. a6 Bc2 31. Qb2 Qc6 32. Kh2 Bd2 33. Ra2 Bh6 34. Ra1 e6 35.
h5 Kg8 36. hxg6 hxg6 37. Kg2 Kg7 38. Rh1 Qxa6 39. Rh4 Bg5 40. Rh2 b4 41. e3 Qa3
42. Qxa3 bxa3 43. Rh1 a2 44. Ra1 Bb1 45. Bd1 Rc1 46. Bf3 Rc3 47. e4 dxe4 48.
Be2 Bc1 49. d5 e3 50. Be1 Rc2 51. Kf3 exd5 52. Bd3 Rb2 53. e6 f6 54. e7 Kf7 55.
Bc3 Rf2+ 56. Kg4 Bxd3 57. Rxc1 Bf5+ 0-1

[Event "FIDE World Senior Team Championship 2020"]
[Site "Olympik hotel, Sokolovska 138,"]
[Date "2020.03.07"]
[Round "2.24"]
[White "Kube, Hannelore"]
[Black "Fitzke, Ulrich"]
[Result "1/2-1/2"]
[WhiteElo "1919"]
[BlackElo "1803"]
[PlyCount "33"]
[EventDate "2020.03.06"]
[WhiteTeam "GERW"]
[BlackTeam "GER10"]

1. c4 Nf6 2. Nc3 d5 3. cxd5 Nxd5 4. e4 Nxc3 5. bxc3 c5 6. Nf3 Nc6 7. Be2 e6 8.
O-O Be7 9. d4 cxd4 10. cxd4 O-O 11. Bb2 b6 12. Rc1 Bb7 13. Bb5 Rc8 14. Qe2 Bd6
15. Rc2 Qe7 16. Rfc1 Na5 17. Rxc8 1/2-1/2

[Event "FIDE World Senior Team Championship 2020"]
[Site "Olympik hotel, Sokolovska 138,"]
[Date "2020.03.07"]
[Round "2.25"]
[White "Galandauer, Jan"]
[Black "Koudelka, Ivan"]
[Result "1-0"]
[WhiteElo "1949"]
[BlackElo "1964"]
[PlyCount "37"]
[EventDate "2020.03.06"]
[WhiteTeam "CZE7"]
[BlackTeam "CZE11"]

1. e4 e5 2. Nf3 Nc6 3. Bb5 Bb4 4. O-O Nge7 5. d4 exd4 6. Nxd4 Bc5 7. Nb3 Bb6 8.
Bg5 h6 9. Bh4 O-O 10. Nc3 Qe8 11. a4 a6 12. Bc4 Ng6 13. Bg3 Nce5 14. Be2 c6 15.
Kh1 Qe6 16. f4 Nc4 17. f5 Ne3 18. fxe6 Nxd1 19. exf7+ 1-0

[Event "FIDE World Senior Team Championship 2020"]
[Site "Olympik hotel, Sokolovska 138,"]
[Date "2020.03.07"]
[Round "2.25"]
[White "Urban, Miroslav"]
[Black "Fiser, Jiri"]
[Result "1-0"]
[WhiteElo "1807"]
[BlackElo "1937"]
[PlyCount "87"]
[EventDate "2020.03.06"]
[WhiteTeam "CZE11"]
[BlackTeam "CZE7"]

1. e4 c5 2. Nf3 Nc6 3. d4 cxd4 4. Nxd4 e6 5. Nc3 Qc7 6. Be3 Nf6 7. Be2 a6 8.
O-O Be7 9. f4 d6 10. Bf3 O-O 11. Qe1 Nxd4 12. Bxd4 e5 13. Be3 b5 14. a3 Bb7 15.
Rd1 Rfe8 16. f5 Nd7 17. Qf2 Rac8 18. Rd2 Bc6 19. g4 f6 20. Qg2 Nb6 21. Be2 Rcd8
22. Qf2 Nd7 23. Rfd1 Rb8 24. Bf3 Nb6 25. Bxb6 Rxb6 26. Nd5 Bxd5 27. Rxd5 Rc6
28. c3 Ra8 29. R1d2 Ra7 30. Bd1 Qb8 31. Bb3 Kf8 32. R2d3 Bd8 33. Kg2 Bb6 34.
Qh4 h6 35. Qh5 Qe8 36. Qxe8+ Kxe8 37. a4 Rc5 38. Kg3 Rd7 39. Rxd6 Rxd6 40. Rxd6
Bc7 41. Rxa6 bxa4 42. Bxa4+ Ke7 43. Re6+ Kf8 44. Rc6 1-0

[Event "FIDE World Senior Team Championship 2020"]
[Site "Olympik hotel, Sokolovska 138,"]
[Date "2020.03.07"]
[Round "2.25"]
[White "Pavlicek, Petr"]
[Black "Chybny, Zdenek"]
[Result "1-0"]
[WhiteElo "1898"]
[BlackElo "1776"]
[PlyCount "90"]
[EventDate "2020.03.06"]
[WhiteTeam "CZE7"]
[BlackTeam "CZE11"]

1. c4 Nf6 2. d4 d6 3. Nf3 g6 4. g3 Bg7 5. Bg2 O-O 6. O-O c6 7. Nc3 Qa5 8. h3 e5
9. e4 exd4 10. Nxd4 Qc5 11. Nb3 Qxc4 12. Qxd6 Qe6 13. Rd1 Qxd6 14. Rxd6 Na6 15.
Be3 Nb4 16. Bc5 Na6 17. Bd4 Ne8 18. Rd8 Bxd4 19. Rxd4 Nec7 20. Rad1 Ne6 21. Rd6
Nec5 22. Na5 Ne6 23. f4 Ng7 24. g4 f5 25. gxf5 gxf5 26. e5 Ne6 27. Ne2 Nac7 28.
Kf2 Ne8 29. R6d2 N8g7 30. Bf3 Rb8 31. Ke3 h6 32. h4 Kh7 33. Ng3 Ra8 34. b4 Rb8
35. a3 Kh8 36. Bg2 Kh7 37. Bh3 Kh8 38. Nc4 Kh7 39. Nd6 Nc7 40. Nxc8 Rbxc8 41.
Bg2 Rf7 42. Bf3 Nce6 43. Rd7 Rc7 44. Rxf7 Rxf7 45. Rd6 Re7 1-0

[Event "FIDE World Senior Team Championship 2020"]
[Site "Olympik hotel, Sokolovska 138,"]
[Date "2020.03.07"]
[Round "2.25"]
[White "Nigrin, Jiri"]
[Black "Tejkal, Jiri"]
[Result "0-1"]
[WhiteElo "1490"]
[BlackElo "1875"]
[PlyCount "88"]
[EventDate "2020.03.06"]
[WhiteTeam "CZE11"]
[BlackTeam "CZE7"]

1. c4 c6 2. d4 g6 3. Nf3 Bg7 4. g3 Nf6 5. Bg2 O-O 6. O-O d6 7. Nc3 Nbd7 8. e4
e5 9. d5 c5 10. Be3 Ng4 11. Bd2 f5 12. h3 Ngf6 13. Re1 Nxe4 14. Nxe4 fxe4 15.
Rxe4 Nf6 16. Bg5 h6 17. Bxf6 Qxf6 18. Qd2 Bd7 19. b4 b6 20. bxc5 bxc5 21. Rb1
Bf5 22. Nh4 Rab8 23. Rxb8 Rxb8 24. Nxf5 gxf5 25. Re2 e4 26. Kh2 Qg5 27. Qxg5
hxg5 28. f3 exf3 29. Bxf3 Be5 30. Rc2 a5 31. Bh5 Kg7 32. Kg2 a4 33. Kh2 a3 34.
Bd1 Rb1 35. Bh5 Kf6 36. Be8 Re1 37. Kg2 Re3 38. g4 Rg3+ 39. Kf1 Rxh3 40. Rf2 f4
41. Ba4 Bd4 42. Re2 Be3 43. Bd7 Ke5 44. Kg2 f3+ 0-1